00617 a2200193 450000100060000002000150000604000260002110000200004724000250006724500200009230000070011236200090011944000120012865000310014094200070017195201080017895201200028699900170040648664 a8516022269 cAnchieta - Bela Vista aBandeira, Pedro10aA pequena bruxalpor10aA pequena bruxa a480 a2009 1aModerna 4aLiteratura infanto-juvenil cBK 00104070a91.4b91.4d2023-11-21l0o028.5 B214 BAN PEQp805/BELr2023-11-21 17:40:08w2023-11-21yBK 00104070a91.4b91.4d2023-11-21l1o028.5 B214 BAN PEQp806/BELr2023-11-23 19:17:10s2023-11-21w2023-11-21yBK c48664d48664